| 000 | 00469nam a2200193Ia 4500 | ||
|---|---|---|---|
| 005 | 20250423094726.0 | ||
| 008 | 250422s9999 xx 000 0 und d | ||
| 020 | _a9788126510009 | ||
| 050 | _aTP 157 .O28/ | ||
| 100 | _aOctave, levenspiel | ||
| 245 | 0 | _aChemical reaction engineering | |
| 250 | _a3rd ed. | ||
| 260 | _aDelhi | ||
| 260 | _bGurukripa enterprises | ||
| 260 | _c2016 | ||
| 300 | _a668 p | ||
| 650 | _a Chemical engineering | ||
| 942 | _cBK | ||
| 999 |
_c28108 _d28108 |
||